000 00759cab a2200241 4500
001 WB3420-29
008 090401t1998 xxu||||| |||| 00| 0 eng d
035 _a(Sirsi) u86449
041 _aeng
245 _aComeback for insurance
260 _c1998
350 _a0
490 _aEstates Gazette
_v(9821) 23 May 1998, 47(1)
520 _aInsurance companies are considering introducing commercial mortgage indemnity (CMI) cover, which disappeared after the last crash, to protect banks from a fall in property values.
650 _aBANKS
650 _aCOMMERCIAL MORTGAGE INDEMNITY
650 _aINSURANCE COMPANIES
650 _aPROPERTY MARKET
650 _aPROPERTY VALUES
690 _aInsurance
_96249
942 _n0
948 _c28/05/1998
999 _c54414
_d54414